| 000 | 00813nam a2200229 a 4500 | ||
|---|---|---|---|
| 999 |
_c7514 _d7514 |
||
| 001 | 7514 | ||
| 003 | BD-JhCC | ||
| 005 | 20180211110702.0 | ||
| 008 | 180127s2002 bg |||| ||a| 000 0 ben d | ||
| 020 | _a9848193561 | ||
| 035 | _a(BD-JhCC)7514 | ||
| 040 |
_aBD-JhCC _dBD-JhCC |
||
| 041 | _aben | ||
| 082 |
_a320 _bIBR 2002 |
||
| 100 | _aইবরাহিম, সৈয়দ মুহাম্মদ | ||
| 245 |
_aবিপ্লব ও সংহতি : সুসংহত বাংলাদেশের সন্ধানে / _cসৈয়দ মুহাম্মদ ইবরাহিম |
||
| 260 |
_aঢাকা : _bএ্যাডর্ন পাবলিকেশন, _c2002. |
||
| 300 |
_a112 p. : _c22 cm. |
||
| 650 | _aPolitics and government | ||
| 942 |
_2ddc _cBK |
||